Riconosci il Pokémon - Quiz n°141 - Statistics

Statistiche generali
  • Questo quiz è stato fatto 2 volte
  • Il punteggio medio è 7 su 10
Statistiche sulle risposte
Indizio Risposta % Corretto
Generazione Nona
100%
Stadio evoluzione Prima evoluzione
100%
Tipo Psico
100%
Abilità Scrocco; Indagine; Acceleratore
100%
Altezza 1,9 m
50%
Sesso 50% ♂, 50% ♀
50%
Tasso di cattura 60 (14.8%)
50%
Peso 90,0 kg
50%
Pokémon Espathra
50%
Tasso di allevamento Medio-Lento
50%
Nessun quiz corrispondente trovato
Distribuzione punteggi
Percentuale di utenti per punteggio
Percentile per numero di risposta
I tuoi punteggi nel tempo
Non hai fatto questo quiz